000 00915nam a22003137a 4500
001 BR2018000638
003 BR-BrBNA
005 20230928105236.0
007 ta
008 230509b bl.||||| |||| 00| 0 por d
040 _aBR-BrBNA
_bpor
_cBiblioteca Nacional de Agricultura
041 _a(Por)
072 _aF01
_b2120
_b9910
090 _ 2120 BR2018000638
110 1 _aMinistério da Educação, Brasília, DF (Brasil). Secretaria de Educação Profissional e Tecnológica
_97412
245 1 _aCaderno de aulas práticas da cafeicultura
260 3 _aBrasília, DF (Brasil):
_c2016.
300 _a183 p.
500 _aSeveral bibliography; 88 illus.
650 _aCAFÉ
650 _aCAFÉ TRATADO
650 _aBOTÂNICA
650 _aLAVOURA
650 _aINDUSTRIALIZAÇÃO
650 _aBENEFICIAMENTO
650 _aPÓS-COLHEITA
909 _a202309
_bLucia
_c55
_dLucia Elande
942 _cBK
999 _c84238
_d84238